000 00413pam a2200157a 44500
008 230515b2006 xxu||||| |||| 00| 0 eng d
020 _a81-8061-782-3
041 _aENGLISH
082 _a158
100 _aRAO K.N., BEGUM B.S.,SUDARSHAN CY.
245 _aMCQC IN PSYCHOLOGY FOR NURSING AND ALLIED SCIENCES
250 _a1ST ED
260 _a
_bJAYPEE BROTHERS.
_c2006
300 _a127
650 _aPSYCHOLOGY
999 _c503647
_d503647